<?xml version="1.0" encoding="UTF-8"?>
<record
    xmlns:xsi="http://www.w3.org/2001/XMLSchema-instance"
    xsi:schemaLocation="http://www.loc.gov/MARC21/slim http://www.loc.gov/standards/marcxml/schema/MARC21slim.xsd"
    xmlns="http://www.loc.gov/MARC21/slim">

  <leader>02197nkc a22002777a 4500</leader>
  <controlfield tag="001">85808</controlfield>
  <controlfield tag="005">20260417104434.0</controlfield>
  <controlfield tag="007">kh boc</controlfield>
  <controlfield tag="008">260416s1910    sp ||||| |||| |0| i|spa d</controlfield>
  <datafield tag="040" ind1=" " ind2=" ">
    <subfield code="a">M-RABA</subfield>
    <subfield code="b">spa</subfield>
    <subfield code="c">M-RABA</subfield>
  </datafield>
  <datafield tag="245" ind1="0" ind2="1">
    <subfield code="a">[Monasterio de Santa Mar&#xED;a de Carracedo</subfield>
    <subfield code="b">: detalles de capiteles y &#xF3;culo rom&#xE1;nicos]</subfield>
    <subfield code="h">[Material gr&#xE1;fico]</subfield>
  </datafield>
  <datafield tag="260" ind1=" " ind2=" ">
    <subfield code="c">[ca. 1910]</subfield>
  </datafield>
  <datafield tag="300" ind1=" " ind2=" ">
    <subfield code="a">3 fotograf&#xED;as</subfield>
    <subfield code="b">: aristotipo virado al oro</subfield>
    <subfield code="c">; imagen 11 x 8 cm </subfield>
    <subfield code="c">; soporte secundario 17,5 x 15 cm </subfield>
  </datafield>
  <datafield tag="500" ind1="0" ind2="0">
    <subfield code="a">Conjunto de 3 fotograf&#xED;as que representan detalles de los capiteles y de un &#xF3;culo de estilo rom&#xE1;nico del Monasterio de Santa Mar&#xED;a de Carracedo en Le&#xF3;n (Castilla y Le&#xF3;n).</subfield>
  </datafield>
  <datafield tag="500" ind1="0" ind2="0">
    <subfield code="a">Fecha tomada del conjunto de fotograf&#xED;as dedicado al Monasterio de Santa Mar&#xED;a de Carracedo (signaturas de Fot-547 a Fot-556)</subfield>
  </datafield>
  <datafield tag="500" ind1="0" ind2="0">
    <subfield code="a">Identificaci&#xF3;n basada en el art&#xED;culo de Mor&#xE1;is Mor&#xE1;n, Jos&#xE9; Alberto; Cosmen Alonso, Mar&#xED;a C. "La desaparecida portada rom&#xE1;nica del monasterio de Santa Mar&#xED;a de Carracedo: (Le&#xF3;n)", Anuario de estudios medievales, ISSN 0066-5061, Vol. 50, N&#xBA; 1, 2020, p&#xE1;gs. 231-266. (Disponible en https://estudiosmedievales.revistas.csic.es/index.php/estudiosmedievales/article/view/1199/1194)

  



</subfield>
  </datafield>
  <datafield tag="510" ind1=" " ind2=" ">
    <subfield code="a">Mor&#xE1;is Mor&#xE1;n, Jos&#xE9; Alberto; Cosmen Alonso, Mar&#xED;a C. "La desaparecida portada rom&#xE1;nica del monasterio de Santa Mar&#xED;a de Carracedo: (Le&#xF3;n)", Anuario de estudios medievales, ISSN 0066-5061, Vol. 50, N&#xBA; 1, 2020, p&#xE1;gs. 231-266. </subfield>
  </datafield>
  <datafield tag="610" ind1="2" ind2="0">
    <subfield code="a">Monasterio de Santa Mar&#xED;a de Carracedo (Le&#xF3;n)</subfield>
    <subfield code="9">111669</subfield>
  </datafield>
  <datafield tag="651" ind1=" " ind2="7">
    <subfield code="a">Le&#xF3;n</subfield>
    <subfield code="2">embne</subfield>
    <subfield code="9">75160</subfield>
  </datafield>
  <datafield tag="655" ind1=" " ind2="0">
    <subfield code="a">Fotograf&#xED;as de monumentos</subfield>
    <subfield code="9">111580</subfield>
  </datafield>
  <datafield tag="852" ind1=" " ind2=" ">
    <subfield code="j">Fot-648; Fot-649; Fot-650</subfield>
  </datafield>
  <datafield tag="856" ind1=" " ind2=" ">
    <subfield code="u">https://archivoybiblioteca.realacademiabellasartessanfernando.com/cgi-bin/koha/opac-retrieve-file.pl?id=b7448c678e020226251443773dae76ae</subfield>
    <subfield code="y">Fot-648</subfield>
  </datafield>
  <datafield tag="856" ind1=" " ind2=" ">
    <subfield code="u">https://archivoybiblioteca.realacademiabellasartessanfernando.com/cgi-bin/koha/opac-retrieve-file.pl?id=a8a85d382b3e4cda1ccfbdeccdc69158</subfield>
    <subfield code="y">Fot-649</subfield>
  </datafield>
  <datafield tag="856" ind1=" " ind2=" ">
    <subfield code="u">https://archivoybiblioteca.realacademiabellasartessanfernando.com/cgi-bin/koha/opac-retrieve-file.pl?id=83e9a2106cea6e9e2fd7c07ee22a25ac</subfield>
    <subfield code="y">Fot-650</subfield>
  </datafield>
  <datafield tag="942" ind1=" " ind2=" ">
    <subfield code="c">FOTOGRAF&#xCD;A</subfield>
    <subfield code="n">0</subfield>
  </datafield>
  <datafield tag="952" ind1=" " ind2=" ">
    <subfield code="0">0</subfield>
    <subfield code="1">0</subfield>
    <subfield code="2">ddc</subfield>
    <subfield code="4">0</subfield>
    <subfield code="7">0</subfield>
    <subfield code="8">FOTOGRAFIA</subfield>
    <subfield code="a">RABASF</subfield>
    <subfield code="b">RABASF</subfield>
    <subfield code="c">DP2</subfield>
    <subfield code="d">2026-04-16</subfield>
    <subfield code="l">0</subfield>
    <subfield code="o">Fot-648</subfield>
    <subfield code="p">1096919</subfield>
    <subfield code="r">2026-04-16 10:06:33</subfield>
    <subfield code="w">2026-04-16</subfield>
    <subfield code="y">FOTOGRAF&#xCD;A</subfield>
  </datafield>
  <datafield tag="952" ind1=" " ind2=" ">
    <subfield code="0">0</subfield>
    <subfield code="1">0</subfield>
    <subfield code="2">ddc</subfield>
    <subfield code="4">0</subfield>
    <subfield code="7">0</subfield>
    <subfield code="8">FOTOGRAFIA</subfield>
    <subfield code="a">RABASF</subfield>
    <subfield code="b">RABASF</subfield>
    <subfield code="c">DP2</subfield>
    <subfield code="d">2026-04-16</subfield>
    <subfield code="l">0</subfield>
    <subfield code="o">Fot-649</subfield>
    <subfield code="p">1096920</subfield>
    <subfield code="r">2026-04-16 10:06:33</subfield>
    <subfield code="w">2026-04-16</subfield>
    <subfield code="y">FOTOGRAF&#xCD;A</subfield>
  </datafield>
  <datafield tag="952" ind1=" " ind2=" ">
    <subfield code="0">0</subfield>
    <subfield code="1">0</subfield>
    <subfield code="2">ddc</subfield>
    <subfield code="4">0</subfield>
    <subfield code="7">0</subfield>
    <subfield code="8">FOTOGRAFIA</subfield>
    <subfield code="a">RABASF</subfield>
    <subfield code="b">RABASF</subfield>
    <subfield code="c">DP2</subfield>
    <subfield code="d">2026-04-16</subfield>
    <subfield code="l">0</subfield>
    <subfield code="o">Fot-650</subfield>
    <subfield code="p">1096921</subfield>
    <subfield code="r">2026-04-16 10:06:33</subfield>
    <subfield code="w">2026-04-16</subfield>
    <subfield code="y">FOTOGRAF&#xCD;A</subfield>
  </datafield>
  <datafield tag="999" ind1=" " ind2=" ">
    <subfield code="c">85808</subfield>
    <subfield code="d">85808</subfield>
  </datafield>
</record>
